00909nam a22002177a 4500003000500000005001700005007000300022008004100025040001000066100003300076245011200109264007100221300004800292502009200340700003600432700004000468720003900508720004900547720004800596720004700644CSPC20250207162514.0ta250207s2018ph |||a mabs 000 0 eng  cCSPC  aAbion, Maricar M. eauthor.  aRecords management practices of private and public high schools of Buhi, Camarines Sur / cMaricar M. Abion aBuhi, Camarines Sur:bCamarines sur Polytechnic Colleges, c2018.  axiv, 101 leaves :billustrations ;c28 cm.  aUndergraduate Theses (BSOA) Office Administration cCamarines Sur Polytechnic Colleges  aArines, Daisy Ann B. eauthor.  aCatorce, Maria Blaiza E. eauthor.  aBermal, Marites A. MBA eadviser.  aEscolano, Emilda E. MBA epanelist chairman  aPenetrante, Nancy S. MBA epanelist member  aDe Loyola, Alyssa F. MBM epanelist member